00381nam a22001457a 450000500170000001000130001702000110003003500130004103700310005408200120008510000140009724500550011126000480016630000210021420190408170158.0 aB-031609 c160.00 aB-031609 bBharat Law House Pvt. Ltd. a658.401 aGarg, R.K aBharat's project management & control /cR.K. Garg aNew DelhibBharat Law House Pvt. Ltd.c2000 a463p.c23cm(pbk)